Statistiques concernant Quelle est la Capitale de ces Etats ? - Quiz Tuiles

Cliquez ici pour prendre le quiz!

Statistiques générales

  • Ce quiz a été pris 123 fois
  • Le résultat moyen est 139 sur 150

Statistiques - réponses

QuestionTuileSelect% Correct
Facile - MacédoineCancúnNon
99%
Moyen - ÉquateurAlmeriaNon
98%
Moyen - ÉquateurCancúnNon
98%
Moyen - ÉquateurCataneNon
98%
Facile - MacédoineDünorNon
98%
Moyen - ÉquateurEcuador CityNon
98%
Moyen - ÉquateurGalapagosNon
98%
Facile - MacédoineRyeNon
98%
Moyen - ÉquateurSanaaNon
98%
Moyen - ÉquateurThiagoNon
98%
Moyen - LaosAnouilhNon
97%
Moyen - LaosCancúnNon
97%
Moyen - LaosDouchanbéNon
97%
Moyen - LaosJakartaNon
97%
Facile - MongolieKomoroNon
97%
Facile - MacédoineLassaladNon
97%
Facile - MongolieLhasaNon
97%
Moyen - ÉquateurLimaNon
97%
Facile - MongolieMongolfierNon
97%
Moyen - ÉquateurMontevideoNon
97%
Moyen - LaosNairobiNon
97%
Facile - MongolieNogaïNon
97%
Facile - MongolieNoursoultanNon
97%
Facile - MongolieOuralNon
97%
Moyen - ÉquateurSan EcuadorNon
97%
Moyen - ÉquateurSan SalvadorNon
97%
Moyen - ÉquateurSantiagoNon
97%
Moyen - ÉquateurSapporoNon
97%
Moyen - ÉquateurSimperaNon
97%
Moyen - LaosSingapourNon
97%
Facile - MacédoineTelegùmNon
97%
Facile - MongolieThimphouNon
97%
Moyen - LaosWii UNon
97%
Difficile - Burkina FasoAgoudagouNon
96%
Facile - MongolieAstanaNon
96%
Difficile - KosovoAthenasNon
96%
Moyen - LaosBangkokNon
96%
Difficile - KosovoBelgradeNon
96%
Difficile - KosovoBrestNon
96%
Difficile - Burkina FasoDhehNon
96%
Difficile - Burkina FasoEssurNon
96%
Difficile - Burkina FasoGandjéNon
96%
Difficile - Burkina FasoGoudaNon
96%
Difficile - KosovoHéraklionNon
96%
Difficile - KosovoJlabujaNon
96%
Difficile - KosovoJuliaNon
96%
Difficile - Burkina FasoKanNon
96%
Difficile - KosovoKotteNon
96%
Moyen - LaosKualaNon
96%
Difficile - Burkina FasoLouleNon
96%
Difficile - KosovoLsjuljsalujajslaNon
96%
Difficile - Burkina FasoMatsuNon
96%
Difficile - KosovoMinskNon
96%
Difficile - KosovoMoroniNon
96%
Difficile - KosovoNicosieNon
96%
Difficile - KosovoSaüsNon
96%
Difficile - KosovoSelfNon
96%
Difficile - Burkina FasoSigomaNon
96%
Difficile - Burkina FasoSissoNon
96%
Difficile - KosovoSljalsjulsulaNon
96%
Difficile - KosovoSofiaNon
96%
Difficile - KosovoSri Jayawardenapura KotteNon
96%
Difficile - Burkina FasoSugomaNon
96%
Difficile - Burkina FasoSy-DönnNon
96%
Difficile - Burkina FasoTaipeiNon
96%
Difficile - Burkina FasoTaiwanNon
96%
Difficile - KosovoUljsuualsjaulsNon
96%
Moyen - LaosWii-ùNon
96%
Difficile - Burkina FasoAgougoudaNon
95%
Difficile - KosovoAsujluaNon
95%
Difficile - Burkina FasoCissoNon
95%
Moyen - ÉquateurEquadorNon
95%
Difficile - Burkina FasoGagamoNon
95%
Difficile - Burkina FasoJoujeNon
95%
Difficile - Burkina FasoKamarNon
95%
Moyen - LaosKtulumNon
95%
Difficile - KosovoLjubljanaNon
95%
Difficile - Burkina FasoLouléNon
95%
Difficile - KosovoMonténégroNon
95%
Difficile - Burkina FasoOnanNon
95%
Facile - MacédoineSarajevoNon
95%
Facile - NamibieWihndoekNon
95%
Moyen - LaosWiiuNon
95%
Difficile - KosovoZagrebNon
95%
Moyen - TanzanieAmoguNon
94%
Difficile - Burkina FasoGoudouagouNon
94%
Facile - NamibieHwindoekNon
94%
Moyen - TanzanieJeanNon
94%
Facile - MongolieOulan-BatorOui
94%
Moyen - TanzanieSugomaNon
94%
Moyen - TanzanieTestomerNon
94%
Facile - MacédoineChisinauNon
93%
Difficile - Burkina FasoGougougagaNon
93%
Moyen - TanzanieKabutoNon
93%
Moyen - LaosKuala LumpurNon
93%
Moyen - TanzaniePanzaniNon
93%
Facile - MacédoinePristinaNon
93%
Difficile - KosovoSarajevoNon
93%
Moyen - LaosVentinaïNon
93%
Facile - NamibieWindoehkNon
93%
Difficile - TchadBooboNon
92%
Difficile - TchadDönerNon
92%
Difficile - TchadKampalaNon
92%
Difficile - TchadKamuluNon
92%
Moyen - TanzanieLapastaNon
92%
Difficile - TchadLariqueNon
92%
Moyen - TanzanieMecklembourgNon
92%
Moyen - TanzanieNairobiNon
92%
Difficile - TchadNanosNon
92%
Difficile - TchadOrnezNon
92%
Moyen - LaosPhnom PenhNon
92%
Difficile - TchadSalomonNon
92%
Difficile - TchadSkouiziNon
92%
Difficile - TchadStegosNon
92%
Difficile - TchadAcutelNon
91%
Difficile - TchadGitegaNon
91%
Difficile - TchadKarminaNon
91%
Difficile - TchadMajuroNon
91%
Difficile - TchadMbabaneNon
91%
Difficile - TchadRilankaNon
91%
Difficile - TchadShokNon
91%
Facile - NamibieWindoekhNon
91%
Moyen - TanzanieBloemfonteinNon
90%
Difficile - KosovoChisinauNon
90%
Moyen - TanzanieDouchnabéNon
90%
Difficile - Burkina FasoKampalaNon
90%
Difficile - TchadK'DjuluNon
90%
Difficile - TchadLarikaNon
90%
Difficile - TchadLuandaNon
90%
Difficile - TchadNdabaneNon
90%
Difficile - TchadNdjamenNon
90%
Moyen - TanzanieOuagadougouNon
90%
Facile - NamibieWindoekNon
90%
Facile - NamibieWindohekNon
90%
Moyen - TanzanieMalaboNon
89%
Moyen - ÉquateurQuitoOui
89%
Difficile - TchadLusakaNon
88%
Facile - NamibieWinhdoekNon
88%
Difficile - KosovoPodgoricaNon
87%
Facile - MacédoineSkopjeOui
87%
Facile - NamibieWhindoekNon
87%
Moyen - TanzanieMaputoNon
85%
Difficile - TchadM'DjamenaNon
84%
Moyen - TanzanieDar es SalamNon
82%
Difficile - Burkina FasoOuagadougouOui
82%
Difficile - KosovoPristinaOui
75%
Moyen - LaosVientianeOui
71%
Difficile - TchadN'DjamenaOui
63%
Facile - NamibieWindhoekOui
55%
Moyen - TanzanieDodomaOui
50%

Distribution des résultats

Percentile par nombre de réponses

% des personnes avec chaque résultat

Votre développement - résultats

Vous n’avez pas pris ce quiz